Including Labour Market Proposals in Higher Education Offers

Univerzity v Európe čelia výzvam ako prispôsobiť vzdelávanie požiadavkam trhu práce. Tieto výzvy majú väčší vplyv na postsocialistické krajiny, pretože pre nich je to úplne nové.

Gespeichert in:
Bibliographische Detailangaben
1. Verfasser: Kádár, Beáta
Format: Buchkapitel
Sprache:Englisch
Schlagworte:
Tags: Tag hinzufügen
Keine Tags, Fügen Sie das erste Tag hinzu!

MARC

LEADER 00000naa a2200000 4500
001 0242961
005 20221104110210.1
041 0 |a eng 
044 |a SK 
245 1 0 |a Including Labour Market Proposals in Higher Education Offers  |c Beáta Kádár 
520 |a Univerzity v Európe čelia výzvam ako prispôsobiť vzdelávanie požiadavkam trhu práce. Tieto výzvy majú väčší vplyv na postsocialistické krajiny, pretože pre nich je to úplne nové. 
610 2 0 |a univerzity 
610 2 0 |a programy študijné 
610 2 0 |a výučba vedecká 
610 2 0 |a trh práce 
610 2 0 |a politika vzdelávania 
100 1 |a Kádár, Beáta